Corporate social responsibility : reconciling aspiration with application

Αποθηκεύτηκε σε:
Λεπτομέρειες βιβλιογραφικής εγγραφής
Συγγραφή απο Οργανισμό/Αρχή: European Academy of Business in Society (Επιμελητής έκδοσης)
Άλλοι συγγραφείς: Kakabadse, Andrew (Επιμελητής έκδοσης), Morsing, Mette (Επιμελητής έκδοσης), Lenssen, Gilbert (Συγγραφέας εισαγωγής κ.λπ.)
Μορφή: Βιβλίο
Γλώσσα:English
Δημοσίευση: Houndmills : c2006
Θέματα:
Ετικέτες: Προσθήκη ετικέτας
Δεν υπάρχουν, Καταχωρήστε ετικέτα πρώτοι!

MARC

LEADER 00000cam a2200000 i 4500
001 1/80769
008 080407s2006 eng d
020 |a 978-1-4039-4130-5 (hbk.) 
020 |a 1-4039-4130-0 (hbk.) 
035 |l 10096299 
040 |a GR-MY-UA  |b gre  |e aacr 
041 0 |a eng 
082 0 |a 658.408  |2 (22) 
245 1 0 |a Corporate social responsibility :  |b reconciling aspiration with application /  |c edited by Andrew Kakabadse and Mette Morsing ; foreword by Gilbert Lenssen 
260 |a Houndmills :   |c c2006 
300 |a xi, 311 σ.;  |b εικ.;  |c 23 εκ. 
504 |a Περιλαμβάνει βιβλιογραφικές παραπομπές και ευρετήριο 
650 0 0 |a Social responsibility of business. 
700 1 |a Kakabadse, Andrew.  |4 edt 
700 1 |a Morsing, Mette.  |4 edt 
700 1 |a Lenssen, Gilbert.  |4 aui 
710 2 |a European Academy of Business in Society.  |4 edt 
852 |a INST  |b CHIOS  |e 20080407  |h 658.408 COR  |p 005200027452  |q 005200027452  |t BK  |y 0 
901 |a BIBL2-2008-1 
909 |a Χ  |b 151631 
922 |a 2ΕΛΗ  |b 200803  |c ΕΠΕΑΕΚ2/ΤΔΕ  |d Παπασωτηρίου 
970 |a Βάρφης  |b Βαγγέλης  |z 2008/04/07